Concerto in b minor for violoncello and orchestra op. 104 (Запис номер 514987)
[ съкратено ]
| 000 -Лидер | |
|---|---|
| Лидер | 01077njm a2200289 a 4500 |
| 003 - Код на организацията, давaща контролен номер | |
| Код на организацията, даваща контролен номер | BLK |
| 005 - Дата и час на последна редакция | |
| Дата и час на последна редакция | 20240826094036.0 |
| 007 - Фиксирано поле за физическо описани | |
| Физическо описание | sd ammalaaahaa |
| 008 - Елементи от данни с фиксирана дължина | |
| Елементи с фиксирана дължина | 240802b bu |||||s|||| 00| | bu d |
| 028 ## - PUBLISHER NUMBER | |
| Издателски номер | SUA 10125 |
| 040 ## - Източник на каталожния запис | |
| Код на библиотеката | BLK |
| 041 ## - Код за език | |
| Език на записа | Чешки |
| Език за КДБФ | Други славянски езици |
| 080 ## - УДК | |
| УДК текст | Концерт за виолончело и оркестър |
| УДК код | 785.6:787.3 |
| УДК – код + определител | 785.6:787.3(086.72) |
| 100 1# - Редна дума - Автор | |
| Автор | Dvorak, Antonin |
| R(LIN) | 9207 |
| 245 ## - Сведения за заглавието | |
| Заглавие | Concerto in b minor for violoncello and orchestra op. 104 |
| Авторска отговорност | Mstislav Rostropovic - cello |
| 260 ## - Област на издателските данни | |
| 9 (RLIN) | 210746 |
| Място на издаване | Praha |
| Име на издателя | Supraphon |
| Година на издаване | 1970 |
| 300 ## - Физическа характеристика | |
| Брой страници | 1 плоча: 33 об./мин. |
| Илюстрации | stereo |
| Размер | 30 см |
| 380 ## - Жанр | |
| Жанр | Изкуство |
| 500 ## - Общи забележки | |
| Обща забележка | Interpr.: M. L. Rostropovich, violoncello. Czech Philharmonic Orchestra. Václav Talich, conductor. |
| 700 1# - Други автори (авторска отговорност) | |
| Друг автор | Дворжак, Антонин |
| Дати, свързани с автора | 1841 - 1904 |
| Пълното име на др. автор | Дворжак, Антонин Леополд |
| 9 (RLIN) | 59121 |
| 852 ## - Местоположение | |
| Сигнатура (форматна) | Ф ІІ 250 |
| 856 ## - Електронен адрес и достъп | |
| Инструкция (цена за достъп) | 0.00 |
| Права за достъп | disable |
| 942 ## - АРТИКУЛИ | |
| Вид на библиотечния документ | Грамофонни плочи |
| Скрит в OPAC | Не |
| 944 ## - СЪЗДАВАНЕ И РЕДАКЦИЯ на ЗАПИСА | |
| Дата на регистрацията/редакция | Нора Радева |
| Служител, извършил регистрацията/редакцията | 30560 |
| Статус, дата на статуса | Геновева Генчева |
| Създаване/Редакция | |
| 999 ## - СИСТЕМНИ КОНТРОЛНИ НОМЕРА | |
| Koha biblionumber | 514987 |
| Koha biblioitemnumber | 514987 |
| 999 ## - СИСТЕМНИ КОНТРОЛНИ НОМЕРА | |
| Koha biblioitemnumber | 514711 |
| 999 ## - СИСТЕМНИ КОНТРОЛНИ НОМЕРА | |
| Koha biblioitemnumber | 514708 |
| Код за отписване | Код за изгубен артикул | Източник на класификационната схема | Код за повреда | Коз за рестрикции | Код за отдаване | Артикулен № | Име на библиотеката - собственик | Име на библиотеката, в която се намира в момента | Статус (Текущо местоположение) | Дата на вписване в системата | Местоположение - отдел | Цена в лева | Инвентарен номер | Систематично азбучна сигнатура | Баркод | Цена в евро | Служебен тип на артикула |
|---|---|---|---|---|---|---|---|---|---|---|---|---|---|---|---|---|---|
| Не е изгубен | Universal Decimal Classification | Не е повреден | само за читалня | ползва се в читалня | 946480 | Регионална библиотека "Любен Каравелов" Русе | Регионална библиотека "Любен Каравелов" Русе | Хранилище | 2024-08-07 | Основен фонд - ползва се само за читалня | 4.00 | 666/65 | Ф ІІ 250 | 900000105917 | 2.05 | Грамофонни плочи |